00436nam a22001697a 450000500170000001000150001702000260003203500140005803700090007208200090008110000170009024500290010725000060013626000340014227000700017630000200024620260601163307.0 aENG-148660 a9789347590726c225.00 aEN-132192 bDBAD aN21 aAusten, Jane aPersuasion/cJane Austen a1 aChandigarhbThe Browserc2026 bChandigarhaSCO 14-15, Sector 8-Ce160009mservice@thebrowser.org a206p.c21cm(pb)